| 000 | 01473cam a2200349 a 4500 | ||
|---|---|---|---|
| 001 | 12193540 | ||
| 005 | 20050208102654.0 | ||
| 008 | 001003s2001 inua 001 0 eng | ||
| 010 | _a 00109552 | ||
| 020 | _a0672320770 | ||
| 040 |
_aDLC _cDLC _dDLC |
||
| 050 | 0 | 0 |
_aQA76.76.H94 _bL44 2001 |
| 082 | 0 | 0 |
_a005.72 _221 _bLEM |
| 100 | 1 | _aLemay, Laura. | |
| 245 | 1 | 0 |
_aSams teach yourself Web publishing with HTML and XHTML in 21 days / _cLaura Lemay ; with revisions by Rafe Colburn and Denise Tyler. |
| 246 | 3 | 0 | _aWeb publishing with HTML and XHTML in 21 days |
| 250 | _a3rd ed. | ||
| 260 |
_aIndianapolis, IN : _bSams, _cc2001. |
||
| 300 |
_axxiii, 834 p. : _bill. ; _c24 cm. |
||
| 500 | _aRev. ed. of: SAMS teach yourself Web Publishing with HTML 4 in 21 days. 1999. | ||
| 500 | _a"Covers HTML 4.01 and XHTML 1.0"--Cover. | ||
| 500 | _aIncludes index. | ||
| 650 | 0 | _aHTML (Document markup language) | |
| 650 | 0 | _aElectronic publishing. | |
| 650 | 0 | _aWorld Wide Web | |
| 700 | 1 | _aColburn, Rafe. | |
| 700 | 1 | _aTyler, Denise. | |
| 700 | 1 |
_aLemay, Laura. _tSAMS teach yourself Web Publishing with HTML 4 in 21 days |
|
| 942 |
_2ddc _cBB |
||
| 999 |
_c10352 _d10352 |
||